000 00648nam a2200253Ia 4500
003 OSt
005 20221005064031.0
006 a|||||r|||| 00| 0
007 ta
008 221004b |||||||| |||| 00| 0 urd d
020 _c27
024 _a31574
037 _cTextual
040 _aCRL
_cCRL
_burd
041 _2urd
_aurd
082 _aO168,3NSA6,11, M6
100 _aSalma Kanwal Au.
245 0 _aSaba
260 _aLuckhnow
_bNaseem book depo India
_c1986
300 _a363p.
_ccm.
650 _aURDU FICTION
_93298
942 _hO168,3NSA6,11, M6
_cTEXL
_2cc
999 _c972295
_d972295